MODERN TELEVISION PRATICE (Record no. 818620)

MARC details
000 -LEADER
fixed length control field 00361pam a2200145a 44500
008 - FIXED-LENGTH DATA ELEMENTS--GENERAL INFORMATION
fixed length control field 230405s2015 xxu||||| |||| 00| 0 eng d
041 ## - LANGUAGE CODE
Language code of text/sound track or separate title ENG
100 ## - MAIN ENTRY--PERSONAL NAME
Personal name GULATI R.R
245 ## - TITLE STATEMENT
Title MODERN TELEVISION PRATICE
Remainder of title 08/16/2016
260 ## - PUBLICATION, DISTRIBUTION, ETC.
Place of publication, distribution, etc. NEW DELHI
Name of publisher, distributor, etc. NEW AGE INTERNATIONAL PUB
Date of publication, distribution, etc. 2015
300 ## - PHYSICAL DESCRIPTION
Extent P.B,XVI,689
650 ## - SUBJECT ADDED ENTRY--TOPICAL TERM
Topical term or geographic name entry element E&TC
690 ## - LOCAL SUBJECT ADDED ENTRY--TOPICAL TERM (OCLC, RLIN)
Topical term or geographic name as entry element E&TC
906 ## - LOCAL DATA ELEMENT F, LDF (RLIN)
a 4425
Holdings
Withdrawn status Lost status Damaged status Not for loan Collection Home library Current library Date acquired Source of acquisition Cost, normal purchase price Total Checkouts Full call number Barcode Date last seen Price effective from Koha item type
          College of Engineering, Kolhapur College of Engineering, Kolhapur 16/08/2023 BHARATI MADYAWARHI SAHAKARI GRAHAK BHANDAR PUNE 499.00   621.384/GUL ECK-SW-1921 16/08/2023 16/08/2023 Book
          College of Engineering, Kolhapur College of Engineering, Kolhapur 16/08/2023 BHARATI MADYAWARHI SAHAKARI GRAHAK BHANDAR PUNE 499.00   621.384/GUL ECK-SW-1920 16/08/2023 16/08/2023 Book
          College of Engineering, Kolhapur College of Engineering, Kolhapur 16/08/2023 BHARATI MADYAWARHI SAHAKARI GRAHAK BHANDAR PUNE 499.00   621.384/GUL ECK-SW-1919 16/08/2023 16/08/2023 Book
          College of Engineering, Kolhapur College of Engineering, Kolhapur 16/08/2023 BHARATI MADYAWARHI SAHAKARI GRAHAK BHANDAR PUNE 499.00   621.384/GUL ECK-SW-1918 16/08/2023 16/08/2023 Book
          College of Engineering, Kolhapur College of Engineering, Kolhapur 16/08/2023 BHARATI MADYAWARHI SAHAKARI GRAHAK BHANDAR PUNE 499.00   621.384/GUL ECK-SW-1917 16/08/2023 16/08/2023 Book